مكتبة جامعة عجلون الوطنية

فهرس بحث المكتبة

Normal view MARC view
  • القانون العراقي رقم 13 لسنة 2006- معوقاتة - القانون الاردني

Entry Topical Term

Number of records used in: 1

001 - CONTROL NUMBER

  • control field: 58933

003 - CONTROL NUMBER IDENTIFIER

  • control field: JO-AjAnu

005 - DATE AND TIME OF LATEST TRANSACTION

  • control field: 20230606083636.0

008 - FIXED-LENGTH DATA ELEMENTS

  • fixed length control field: 230606|| aca||aabn | a|a d

040 ## - CATALOGING SOURCE

  • Original cataloging agency: JO-AjAnu
  • Transcribing agency: JO-AjAnu

150 ## - HEADING--TOPICAL TERM

  • Topical term or geographic name entry element: القانون العراقي رقم 13 لسنة 2006- معوقاتة - القانون الاردني

670 ## - SOURCE DATA FOUND

  • Source citation: Work cat.: (JO-AjAnu)30062: اعداد الدليمي، فارس محل رمضان؛ اشراف طلال ياسين العيسى, author 58932, قانون الاستثمار العراقي رقم 13 لسنة 2006 المعدل ومعوقاته القانونية - دراسة مقارنة مع القانون الاردني = The Iraqi Investment Law Number 13 For The Year 2006 And Its Legal Barriers: A Comparative Study With jordanian Law